[Event "AUTO-OPEN-2316"]
[Site "http://www.queenalice.com/game.php?id=919138"]
[Date "2011.3.29"]
[Round "1"]
[White "Aborigen"]
[Black "markmooney"]
[Result "1-0"]
[WhiteElo "1783"]
[BlackElo "1775"]

1. e4 c5 2. Nf3 Nc6 3. d4 cxd4 4. Nxd4 e5 5. Nb5 d6 6. c4 Nf6 7. Bg5 Qa5+ 8.
N1c3 Nxe4 9. Bd2 Nxd2 10. Qxd2 a6 11. Nxd6+ Bxd6 12. Qxd6 Nd4 13. O-O-O Bf5 14.
Nd5 Nb3+ 15. axb3 Qa1+ 16. Kd2 Qxb2+ 17. Ke1 1-0

[Event "AUTO-ADV-2112"]
[Site "http://www.queenalice.com/game.php?id=919397"]
[Date "2011.3.30"]
[Round "1"]
[White "Dsilver"]
[Black "markmooney"]
[Result "1-0"]
[WhiteElo "1746"]
[BlackElo "1711"]

1. e3 c5 2. g4 Nc6 3. f3 b6 4. c3 Bb7 5. h4 Qc7 6. Ne2 g6 7. Bg2 Nf6 8. g5 Nh5
9. d4 Ng3 10. Nxg3 Qxg3+ 11. Kf1 Bg7 12. Rh3 Qd6 13. e4 O-O-O 14. e5 Bxe5 15. f4
Bxf4 16. Bxc6 Bxc6 17. d5 Bxc1 18. Qxc1 Bxd5 19. b3 f5 20. Rd3 Bg2+ 21. Kxg2
Qxd3 22. Qh1 e5 23. Na3 f4 24. Kg1 e4 25. c4 f3 26. Nb5 Qe3+ 27. Kh2 a6 28. Nd6+
Kc7 29. Nf7 Qf4+ 30. Kg1 Qxf7 31. Rd1 e3 32. Qh2+ Kb7 33. Qh1 Ka7 34. Qh2 Kb7
35. Qg3 Rhf8 36. a3 f2+ 37. Kg2 e2 38. Ra1 1-0

[Event "AUTO-ADV-2112"]
[Site "http://www.queenalice.com/game.php?id=919398"]
[Date "2011.3.30"]
[Round "1"]
[White "markmooney"]
[Black "Dsilver"]
[Result "1-0"]
[WhiteElo "1707"]
[BlackElo "1661"]

1. g4 g6 2. Bg2 g5 3. c4 f6 4. Nf3 c6 5. O-O Qc7 6. d3 b5 7. cxb5 Nh6 8. h3 e6
9. Qb3 Bb7 10. Nd4 e5 11. bxc6 dxc6 12. Ne6 Qb6 13. h4 Nxg4 14. hxg5 Bc8 15.
Nxf8 Rxf8 16. Qxb6 axb6 17. Nc3 Rg8 18. Nb5 Na6 19. Bxc6+ Bd7 20. Bxa8 Bxb5 21.
Kh1 fxg5 22. f3 Nf6 23. a4 Bd7 24. Rg1 g4 25. Be3 b5 26. axb5 Nc7 27. b6 Nxa8
28. Rxa8+ Kf7 29. Rxg8 Kxg8 30. b7 1-0

[Event "AUTO-ADV-2112"]
[Site "http://www.queenalice.com/game.php?id=919413"]
[Date "2011.3.30"]
[Round "1"]
[White "thewhitebishop"]
[Black "markmooney"]
[Result "1-0"]
[WhiteElo "1998"]
[BlackElo "1781"]

1. d4 f5 2. c4 Nf6 3. Nc3 g6 4. f3 Bg7 5. e4 d6 6. Nh3 O-O 7. Bd3 e5 8. dxe5
dxe5 9. Nf2 f4 10. g3 Nh5 11. g4 Nf6 12. Nd5 c6 13. Nc3 Be6 14. b4 Qc7 15. a4
Rd8 16. Qe2 Nbd7 17. h4 b6 18. Nh3 h6 19. Ba3 a5 20. b5 c5 21. Nd5 Nxd5 22. exd5
Bf7 23. O-O-O Nf6 24. g5 Nh5 25. Qc2 Ng3 26. Rh2 Qd6 27. Nf2 h5 28. Bb2 Ra7 29.
Ne4 Nxe4 30. Bxe4 Rad7 31. Re1 Be8 32. Bc3 Kf7 33. Rhe2 Re7 34. Bd3 Bd7 35. Qd2
Rde8 36. Bxa5 Ra8 37. Bc3 Rxa4 38. Qb2 Bf5 39. Bxf5 gxf5 40. Qb3 Rea7 41. Rxe5
Bxe5 42. Bxe5 Qd7 43. Bf6 Ra1+ 44. Bxa1 Rxa1+ 45. Kd2 Rxe1 46. Kxe1 Qe7+ 47. Kf2
Qe5 48. Qd3 Kg6 49. d6 Qb2+ 50. Ke1 Qc1+ 51. Qd1 1-0

[Event "AUTO-ADV-2112"]
[Site "http://www.queenalice.com/game.php?id=919414"]
[Date "2011.3.30"]
[Round "1"]
[White "markmooney"]
[Black "thewhitebishop"]
[Result "0-1"]
[WhiteElo "1695"]
[BlackElo "2034"]

1. f4 d5 2. Nf3 g6 3. g3 Bg7 4. Bg2 c6 5. O-O Bf5 6. d3 Qb6+ 7. d4 Nf6 8. b3 Ne4
9. Be3 Nd7 10. c4 dxc4 11. bxc4 Qb2 12. Nbd2 Nc3 13. Qe1 Nxa2 14. Rb1 Bxb1 15.
Nxb1 a5 16. Ne5 Nxe5 17. fxe5 O-O 18. Qf2 c5 19. Bd5 e6 20. Be4 Rad8 21. Bg5 Rd7
22. dxc5 Bxe5 23. Bh6 Rc8 24. Nd2 Nc3 25. Bd3 f5 26. Nf3 Bf6 27. Ng5 Re8 28. Nf3
e5 29. Ng5 e4 30. Nxe4 Nxe4 31. Qg2 Nxc5 32. Rf2 Nxd3 33. exd3 Qb1+ 34. Rf1 Bd4+
35. Kh1 Re1 0-1

[Event "AUTO-ADV-2112"]
[Site "http://www.queenalice.com/game.php?id=919425"]
[Date "2011.3.30"]
[Round "1"]
[White "markmooney"]
[Black "mg23campos"]
[Result "0-1"]
[WhiteElo "1661"]
[BlackElo "1809"]

1. e4 e5 2. Nf3 Nc6 3. g3 Bc5 4. Bg2 d6 5. c3 Nf6 6. O-O Ng4 7. d4 Bb6 8. d5 Na5
9. b3 h5 10. Bg5 f6 11. Bd2 Bd7 12. Na3 g5 0-1

[Event "AUTO-ADV-2112"]
[Site "http://www.queenalice.com/game.php?id=919426"]
[Date "2011.3.30"]
[Round "1"]
[White "mg23campos"]
[Black "markmooney"]
[Result "1-0"]
[WhiteElo "1798"]
[BlackElo "1672"]

1. e4 c5 2. Nf3 Nc6 3. Bc4 e6 4. d3 a6 5. a4 d5 6. exd5 exd5 7. Bb3 Bg4 8. h3
Bh5 9. g4 Bg6 10. Nc3 Nf6 11. Bg5 Qe7+ 12. Qe2 1-0

[Event "AUTO-ADV-2121"]
[Site "http://www.queenalice.com/game.php?id=923558"]
[Date "2011.4.8"]
[Round "1"]
[White "Kleber_William"]
[Black "markmooney"]
[Result "0-1"]
[WhiteElo "1488"]
[BlackElo "1666"]

1. e4 g5 2. Bc4 Bg7 3. Nf3 h6 4. d4 d6 5. Be3 f5 6. exf5 Bxf5 7. Nc3 Nc6 8. a3
Nf6 9. h3 e5 10. Bd3 e4 11. Bxe4 Nxe4 12. Nxe4 Bxe4 13. Qe2 Bxf3 14. gxf3 Qe7
15. O-O-O Nxd4 16. Bxd4 Qxe2 17. Rhe1 Qxe1 18. Rxe1+ Be5 19. Bxe5 dxe5 20. Rxe5+
Kd7 21. Rf5 Rhe8 22. Rf7+ Kc6 0-1

[Event "AUTO-ADV-2121"]
[Site "http://www.queenalice.com/game.php?id=923559"]
[Date "2011.4.8"]
[Round "1"]
[White "markmooney"]
[Black "Kleber_William"]
[Result "1-0"]
[WhiteElo "1675"]
[BlackElo "1479"]

1. g4 e5 2. Bg2 d6 3. d3 Nc6 4. h3 Nf6 5. Nc3 d5 6. Bg5 d4 7. Ne4 Be7 8. Bxf6
Bxf6 9. e3 Bh4 10. Qf3 Nb4 11. Kd2 Be6 12. Nc5 dxe3+ 13. fxe3 Bd5 14. Qf5 Bxg2
15. Qxe5+ Qe7 16. Qxg7 O-O-O 17. Nxb7 Bxb7 18. Rh2 Rhe8 19. e4 Bxe4 20. Re2 Qg5+
21. Qxg5 Bxg5+ 22. Kc3 1-0

[Event "AUTO-ADV-2121"]
[Site "http://www.queenalice.com/game.php?id=923576"]
[Date "2011.4.8"]
[Round "1"]
[White "markmooney"]
[Black "Artking"]
[Result "0-1"]
[WhiteElo "1787"]
[BlackElo "1876"]

1. g4 c6 2. Bg2 d5 3. e3 h5 4. gxh5 Nf6 5. h3 Nxh5 6. Nc3 Bf5 7. Nf3 Nd7 8. Nd4
Bg6 9. b3 e5 10. Nde2 Bd6 11. Ng3 Nxg3 12. fxg3 Qg5 13. Qf3 e4 14. Qg4 Bxg3+ 15.
Ke2 Bh5 0-1

[Event "AUTO-ADV-2121"]
[Site "http://www.queenalice.com/game.php?id=923577"]
[Date "2011.4.8"]
[Round "1"]
[White "Artking"]
[Black "markmooney"]
[Result "1-0"]
[WhiteElo "1911"]
[BlackElo "1744"]

1. d4 d5 2. c4 c6 3. Nc3 dxc4 4. e4 e5 5. d5 cxd5 6. Nxd5 Nf6 7. Bg5 Nbd7 8.
Bxc4 Qa5+ 9. Bd2 Qc5 10. Rc1 Nxe4 11. Be3 Qa5+ 12. b4 Qd8 13. Qf3 Bxb4+ 14. Nxb4
Qa5 15. Bxf7+ Ke7 16. Qxe4 Kxf7 17. Nf3 Nf6 18. Nxe5+ Kg8 19. Qc4+ Nd5 20. Qxc8+
Rxc8 21. Rxc8+ 1-0

[Event "AUTO-ADV-2121"]
[Site "http://www.queenalice.com/game.php?id=923579"]
[Date "2011.4.8"]
[Round "1"]
[White "vult0"]
[Black "markmooney"]
[Result "1-0"]
[WhiteElo "1847"]
[BlackElo "1719"]

1. e4 c5 2. Bc4 e6 3. d3 a6 4. a3 b5 5. Ba2 Bb7 6. Ne2 Bd6 7. Ng3 h6 8. Be3 Bxg3
9. fxg3 Nf6 10. Nd2 O-O 11. Bxc5 d6 12. Bf2 Qc7 13. Nf3 Rc8 14. c3 a5 15. O-O
Nbd7 16. Rc1 b4 17. Bc4 bxa3 18. bxa3 d5 19. exd5 Nxd5 20. Bd4 N7b6 21. Ne5 Nxc4
22. Rxf7 Qb8 23. Nd7 Qd6 24. Rxg7+ Kh8 25. Re7+ Kg8 26. Qg4# 1-0

[Event "AUTO-OPEN-2328"]
[Site "http://www.queenalice.com/game.php?id=923859"]
[Date "2011.4.9"]
[Round "1"]
[White "FPM"]
[Black "markmooney"]
[Result "1-0"]
[WhiteElo "1945"]
[BlackElo "1683"]

1. e4 c5 2. Nf3 Nc6 3. Bb5 Qb6 4. Nc3 e6 5. O-O a6 6. Bxc6 Qxc6 7. Ne5 Qc7 8. d4
cxd4 9. Qxd4 Bc5 10. Nd5 exd5 11. Qxd5 d6 12. Bf4 Nf6 13. Qb3 dxe5 14. Bg3 Nxe4
15. Qa4+ Qc6 16. Qxc6+ bxc6 17. Bxe5 Nxf2 18. Bxg7 Rg8 19. Bh6 Ng4+ 20. Kh1 Nxh6
21. Rf6 1-0

[Event "AUTO-OPEN-2328"]
[Site "http://www.queenalice.com/game.php?id=923860"]
[Date "2011.4.9"]
[Round "1"]
[White "markmooney"]
[Black "FPM"]
[Result "0-1"]
[WhiteElo "1677"]
[BlackElo "1944"]

1. g4 d5 2. h3 e5 3. Bg2 Bc5 4. e3 d4 5. c3 dxe3 6. fxe3 Qh4+ 7. Kf1 Nc6 8.
Bxc6+ bxc6 9. Nf3 Bxg4 10. Nxh4 Bxd1 11. d4 exd4 12. cxd4 Be7 13. Nf5 Bf6 14.
Kf2 Ba4 15. Nc3 Bb5 16. a4 Bd3 17. Ng3 Ne7 18. Nce4 Bh4 19. Nc5 Bg6 20. Kg2 O-O
21. Nge4 Rfe8 22. Nc3 Nd5 0-1

[Event "AUTO-OPEN-2328"]
[Site "http://www.queenalice.com/game.php?id=923885"]
[Date "2011.4.9"]
[Round "1"]
[White "R0ni"]
[Black "markmooney"]
[Result "1-0"]
[WhiteElo "2335"]
[BlackElo "1697"]

1. Nf3 c5 2. e4 Nc6 3. c3 b6 4. d4 e6 5. Bf4 d5 6. Bb5 Bb7 7. Qa4 Ne7 8. Ne5 Rc8
9. Qxa7 f6 10. Qxb7 fxe5 11. Bxe5 cxd4 12. Bxd4 Kf7 13. Bxb6 Qd6 14. Na3 Rb8 15.
Qc7 Qxc7 16. Bxc7 Rb7 17. Bd6 dxe4 18. O-O-O g6 19. Rhe1 Bh6+ 20. Kc2 Na7 21.
Ba4 Nf5 22. Rxe4 Nxd6 23. Rxd6 Rhb8 24. Nc4 Nb5 25. Rdxe6 Bf8 26. b4 Nc7 27.
R6e5 Ra7 28. Bb3 Ne8 29. Rxe8 Rxe8 30. Nd6+ 1-0

[Event "AUTO-OPEN-2328"]
[Site "http://www.queenalice.com/game.php?id=923886"]
[Date "2011.4.9"]
[Round "1"]
[White "markmooney"]
[Black "R0ni"]
[Result "0-1"]
[WhiteElo "1757"]
[BlackElo "2331"]

1. c4 e5 2. e4 Nf6 3. Nf3 Nxe4 4. Qe2 d5 5. d3 Bb4+ 6. Kd1 Nf6 7. Nxe5 O-O 8. a3
Bd6 9. Bg5 Re8 10. f4 h6 11. Bh4 g5 12. Bg3 gxf4 13. Bxf4 Bxe5 14. Bxe5 Bg4 0-1

[Event "AUTO-OPEN-2328"]
[Site "http://www.queenalice.com/game.php?id=923901"]
[Date "2011.4.9"]
[Round "1"]
[White "kievelrs"]
[Black "markmooney"]
[Result "1-0"]
[WhiteElo "1525"]
[BlackElo "1735"]

1. e4 c5 2. Nf3 Nc6 3. Bc4 e6 4. d3 Nf6 5. Nc3 a6 6. Ng5 b5 7. Bb3 h6 8. Nh3 d5
9. O-O c4 10. dxc4 dxc4 11. Qxd8+ Nxd8 12. Ba4 bxa4 13. b3 cxb3 14. axb3 axb3
15. cxb3 Bb4 16. Bb2 O-O 17. f3 1-0

[Event "AUTO-OPEN-2328"]
[Site "http://www.queenalice.com/game.php?id=923902"]
[Date "2011.4.9"]
[Round "1"]
[White "markmooney"]
[Black "kievelrs"]
[Result "0-1"]
[WhiteElo "1761"]
[BlackElo "1499"]

1. e4 e5 2. Nf3 Bd6 3. Bc4 Nc6 4. d3 h6 5. Nc3 g5 6. Nd5 Nf6 7. Nxg5 hxg5 8.
Bxg5 Be7 9. Qf3 Nd4 10. Nxf6+ Bxf6 11. Qxf6 Qxf6 12. Bxf6 Rh5 13. O-O-O d6 14.
g4 Bxg4 15. Rdg1 Ne2+ 16. Kd2 Nxg1 0-1

[Event "AUTO-ADV-2030"]
[Site "http://www.queenalice.com/game.php?id=935367"]
[Date "2011.5.7"]
[Round "2"]
[White "thewhitebishop"]
[Black "markmooney"]
[Result "1-0"]
[WhiteElo "2005"]
[BlackElo "1774"]

1. d4 d5 2. c4 c6 3. Nc3 a6 4. a4 dxc4 5. e4 e6 6. Bxc4 Bb4 7. Ne2 b5 8. axb5
cxb5 9. Bxb5+ Bd7 10. Bxd7+ Qxd7 11. O-O Nc6 12. Be3 Nf6 13. f3 O-O 14. Na4 Rfb8
15. Nf4 a5 16. g4 h6 17. Nc3 Rd8 18. e5 Nh7 19. Nce2 Ng5 20. h4 Nh7 21. Nh5 Qd5
22. g5 g6 23. Nef4 1-0

[Event "AUTO-ADV-2030"]
[Site "http://www.queenalice.com/game.php?id=935368"]
[Date "2011.5.7"]
[Round "2"]
[White "markmooney"]
[Black "thewhitebishop"]
[Result "0-1"]
[WhiteElo "1767"]
[BlackElo "2012"]

1. f4 c5 2. Nf3 Nc6 3. g3 g6 4. Bg2 Bg7 5. O-O b5 6. c3 Qb6 7. e3 d5 8. d4 Bg4
9. Qc2 c4 10. Ne5 Bf5 11. e4 Bxe5 12. exf5 Bxd4+ 13. cxd4 Nxd4 14. Qf2 Ne2+ 15.
Kh1 Qxf2 16. Rxf2 Nxc1 17. Bxd5 Rc8 18. Nc3 Nd3 19. Re2 b4 20. Na4 Nf6 21. Bb7
Rc7 0-1

[Event "AUTO-ADV-2030"]
[Site "http://www.queenalice.com/game.php?id=935371"]
[Date "2011.5.7"]
[Round "2"]
[White "Korchnoico"]
[Black "markmooney"]
[Result "1-0"]
[WhiteElo "1908"]
[BlackElo "1696"]

1. c4 e5 2. e4 Nf6 3. d3 Bc5 4. h3 d6 5. Nf3 h6 6. a3 O-O 7. b4 Bb6 8. Bb2 Be6
9. Be2 Nbd7 10. O-O a6 11. Nc3 c6 12. a4 Qc7 13. a5 Ba7 14. Na4 1-0

[Event "AUTO-ADV-2030"]
[Site "http://www.queenalice.com/game.php?id=935372"]
[Date "2011.5.7"]
[Round "2"]
[White "markmooney"]
[Black "Korchnoico"]
[Result "0-1"]
[WhiteElo "1688"]
[BlackElo "1916"]

1. f4 d5 2. Nf3 e6 3. g3 Nc6 4. Bg2 Nf6 5. O-O Bc5+ 6. e3 d4 7. a3 dxe3 8. dxe3
O-O 9. b4 Be7 10. c4 Qxd1 11. Rxd1 Rd8 12. Rxd8+ Bxd8 13. Bb2 Kf8 14. Nbd2 Be7
0-1